[Event "Icelandic Team Championship 2021-22 - Pr"]
[Site "Reykjavik"]
[Date "2021.09.30"]
[Round "1.3"]
[White "Johannsson, Birkir Isak"]
[Black "Kristjansson, Atli Freyr"]
[Result "1/2-1/2"]
[WhiteElo "2084"]
[BlackElo "2185"]
[PlyCount "79"]
[EventDate "2021.09.30"]
[WhiteTeam "Skákdeild Breiðabliks"]
[BlackTeam "Taflfélag Garðabæjar"]

1. c4 Nf6 2. Nc3 Nc6 3. Nf3 d6 4. d4 h6 5. d5 Ne5 6. Nxe5 dxe5 7. e4 e6 8. Be3
exd5 9. cxd5 a6 10. Be2 Bd6 11. O-O g5 12. Qd2 Bg4 13. f3 Bd7 14. a3 Qe7 15. b4
O-O 16. Rab1 b6 17. g4 a5 18. Nb5 Bxb5 19. Bxb5 axb4 20. axb4 Ra3 21. Bc6 Nd7
22. Bxd7 Qxd7 23. Bxg5 Rfa8 24. Bxh6 f6 25. Be3 Qb5 26. Rb2 Rd3 27. Qe2 Raa3
28. Bf2 Qc4 29. Rd2 Bxb4 30. Rxd3 Rxd3 31. Rb1 Bd2 32. d6 Qc2 33. dxc7 Qxb1+
34. Kg2 Rc3 35. Qxd2 Qc2 36. Qd8+ Kg7 37. Qe7+ Kg6 38. Qe8+ Kg7 39. Qe7+ Kg6
40. Qe8+ 1/2-1/2

[Event "Icelandic Team Championship 2021"]
[Site "Reykjavik"]
[Date "2021.10.01"]
[Round "2.1"]
[White "Hillarp Persson, Tiger"]
[Black "Stefansson, Vignir Vatnar"]
[Result "1/2-1/2"]
[WhiteElo "2541"]
[BlackElo "2383"]

1. c4 {[%clk 01:30:45]} {[%emt 00:00:15]} e6 {[%clk 01:30:23]} {[%emt
00:00:38]} 2. Nf3 {[%clk 01:29:48]} {[%emt 00:01:27]} d5 {[%clk 01:29:54]}
{[%emt 00:00:58]} 3. g3 {[%clk 01:29:07]} {[%emt 00:01:12]} Nf6 {[%clk
01:30:15]} {[%emt 00:00:09]} 4. Bg2 {[%clk 01:29:30]} {[%emt 00:00:07]} Be7
{[%clk 01:30:22]} {[%emt 00:00:23]} 5. O-O {[%clk 01:29:33]} {[%emt 00:00:27]}
O-O {[%clk 01:30:46]} {[%emt 00:00:04]} 6. b3 {[%clk 01:27:56]} {[%emt
00:02:09]} c5 {[%clk 01:31:08]} {[%emt 00:00:08]} 7. Bb2 {[%clk 01:26:56]}
{[%emt 00:01:30]} Nc6 {[%clk 01:29:56]} {[%emt 00:01:41]} 8. e3 {[%clk
01:26:43]} {[%emt 00:00:43]} b6 {[%clk 01:28:44]} {[%emt 00:01:43]} 9. Nc3
{[%clk 01:24:38]} {[%emt 00:02:35]} Ba6 {[%clk 01:24:59]} {[%emt 00:04:15]} 10.
d3 {[%clk 01:13:12]} {[%emt 00:11:55]} Rc8 {[%clk 01:25:03]} {[%emt 00:00:26]}
11. e4 {[%clk 00:48:21]} {[%emt 00:25:21]} d4 {[%clk 01:19:24]} {[%emt
00:06:09]} 12. Ne2 {[%clk 00:48:33]} {[%emt 00:00:18]} b5 {[%clk 01:07:33]}
{[%emt 00:13:58]} 13. Nf4 {[%clk 00:48:19]} {[%emt 00:00:21]} bxc4 {[%clk
01:05:48]} {[%emt 00:02:16]} 14. dxc4 {[%clk 00:44:10]} {[%emt 00:04:38]} Nxe4
{[%clk 01:00:45]} {[%emt 00:05:33]} 15. Nxd4 {[%clk 00:44:16]} {[%emt
00:00:25]} Nxd4 {[%clk 00:46:06]} {[%emt 00:15:09]} 16. Bxe4 {[%clk 00:41:28]}
{[%emt 00:03:17]} Bf6 {[%clk 00:45:38]} {[%emt 00:00:58]} 17. Qd3 {[%clk
00:32:26]} {[%emt 00:09:33]} g6 {[%clk 00:43:47]} {[%emt 00:02:20]} 18. Ne2
{[%clk 00:30:07]} {[%emt 00:02:50]} Qb6 {[%clk 00:41:27]} {[%emt 00:02:50]} 19.
Bxd4 {[%clk 00:22:45]} {[%emt 00:07:52]} cxd4 {[%clk 00:38:46]} {[%emt
00:03:12]} 20. f4 {[%clk 00:22:55]} {[%emt 00:00:20]} Bg7 {[%clk 00:36:23]}
{[%emt 00:02:53]} 21. Rae1 {[%clk 00:22:42]} {[%emt 00:00:43]} Rfe8 {[%clk
00:29:33]} {[%emt 00:07:21]} 22. Nc1 {[%clk 00:20:33]} {[%emt 00:02:39]} Rcd8
{[%clk 00:28:41]} {[%emt 00:01:21]} 23. Kh1 {[%clk 00:13:31]} {[%emt 00:07:32]}
h5 {[%clk 00:18:46]} {[%emt 00:10:26]} 24. Qc2 {[%clk 00:11:52]} {[%emt
00:02:08]} Bb7 {[%clk 00:16:42]} {[%emt 00:02:34]} 25. Nd3 {[%clk 00:11:41]}
{[%emt 00:00:41]} Bxe4+ {[%clk 00:16:45]} {[%emt 00:00:28]} 26. Rxe4 {[%clk
00:12:04]} {[%emt 00:00:07]} a5 {[%clk 00:15:38]} {[%emt 00:01:36]} 27. Kg1
{[%clk 00:09:42]} {[%emt 00:02:52]} Rb8 {[%clk 00:14:56]} {[%emt 00:01:13]} 28.
Rf2 {[%clk 00:04:52]} {[%emt 00:05:18]} Rec8 {[%clk 00:14:41]} {[%emt
00:00:46]} 29. Re1 {[%clk 00:04:44]} {[%emt 00:00:36]} Qc6 {[%clk 00:14:40]}
{[%emt 00:00:32]} 30. Ne5 {[%clk 00:04:44]} {[%emt 00:00:30]} Qd6 {[%clk
00:08:54]} {[%emt 00:06:16]} 31. Rd2 {[%clk 00:04:44]} {[%emt 00:00:30]} Rc5
{[%clk 00:08:26]} {[%emt 00:00:59]} 32. Qe4 {[%clk 00:04:32]} {[%emt 00:00:42]}
Rd8 {[%clk 00:08:50]} {[%emt 00:00:06]} 33. Nd3 {[%clk 00:04:28]} {[%emt
00:00:33]} Rc7 {[%clk 00:09:05]} {[%emt 00:00:15]} 34. Rc2 {[%clk 00:04:42]}
{[%emt 00:00:15]} Qa6 {[%clk 00:08:09]} {[%emt 00:01:27]} 35. c5 {[%clk
00:04:25]} {[%emt 00:00:46]} Rd5 {[%clk 00:06:33]} {[%emt 00:02:07]} 36. Rec1
{[%clk 00:04:25]} {[%emt 00:00:30]} Qb5 {[%clk 00:06:23]} {[%emt 00:00:41]} 37.
Rc4 {[%clk 00:03:59]} {[%emt 00:00:56]} Bf8 {[%clk 00:06:29]} {[%emt 00:00:24]}
38. c6 {[%clk 00:04:02]} {[%emt 00:00:27]} Bd6 {[%clk 00:06:26]} {[%emt
00:00:33]} 39. Kg2 {[%clk 00:03:04]} {[%emt 00:01:27]} Qb6 {[%clk 00:06:18]}
{[%emt 00:00:39]} 40. Qe2 {[%clk 00:02:50]} {[%emt 00:00:44]} Qb5 {[%clk
00:06:19]} {[%emt 00:00:30]} 41. Qe4 {[%clk 00:02:51]} {[%emt 00:00:27]} Qb6
{[%clk 00:06:45]} {[%emt 00:00:05]} 42. Qe2 {[%clk 00:02:35]} {[%emt 00:00:45]}
Qb5 {[%clk 00:07:12]} {[%emt 00:00:04]} 1/2-1/2

[Event "Icelandic Team Championship 2021"]
[Site "Reykjavik"]
[Date "2021.10.01"]
[Round "2.2"]
[White "Jonsson, Bjorgvin"]
[Black "Bromann, Thorbjorn"]
[Result "1/2-1/2"]
[WhiteElo "2337"]
[BlackElo "2385"]

1. e4 {[%clk 01:30:57]} {[%emt 00:00:02]} e6 {[%clk 01:30:53]} {[%emt
00:00:07]} 2. d4 {[%clk 01:30:52]} {[%emt 00:00:35]} d5 {[%clk 01:31:18]}
{[%emt 00:00:05]} 3. Nc3 {[%clk 01:31:16]} {[%emt 00:00:06]} dxe4 {[%clk
01:31:43]} {[%emt 00:00:05]} 4. Nxe4 {[%clk 01:31:39]} {[%emt 00:00:06]} Nd7
{[%clk 01:32:09]} {[%emt 00:00:05]} 5. Nf3 {[%clk 01:29:52]} {[%emt 00:02:17]}
Ngf6 {[%clk 01:32:34]} {[%emt 00:00:05]} 6. Nxf6+ {[%emt 00:02:14]} Nxf6 {[%clk
01:32:58]} {[%emt 00:00:04]} 7. c3 {[%clk 01:20:21]} {[%emt 00:08:19]} c5
{[%clk 01:33:22]} {[%emt 00:00:06]} 8. Be3 {[%clk 01:20:25]} {[%emt 00:00:26]}
Qc7 {[%emt 00:02:02]} 9. Ne5 {[%clk 01:15:01]} {[%emt 00:04:38]} a6 {[%clk
01:28:01]} {[%emt 00:05:36]} 10. Qa4+ {[%clk 01:11:47]} {[%emt 00:03:44]} Nd7
{[%clk 01:28:25]} {[%emt 00:00:06]} 11. Bb5 {[%clk 00:49:43]} {[%emt 00:22:34]}
cxd4 {[%clk 01:23:03]} {[%emt 00:05:52]} 12. Bxd7+ {[%clk 00:42:20]} {[%emt
00:07:52]} Bxd7 {[%clk 01:20:02]} {[%emt 00:03:32]} 13. Nxd7 {[%clk 00:41:35]}
{[%emt 00:01:00]} Qxd7 {[%clk 01:20:31]} 14. Qxd7+ {[%clk 00:40:44]} {[%emt
00:01:38]} Kxd7 {[%clk 01:20:56]} {[%emt 00:00:04]} 15. Bxd4 {[%clk 00:41:04]}
{[%emt 00:00:10]} f6 {[%clk 01:19:04]} {[%emt 00:02:22]} 16. O-O-O {[%clk
00:39:50]} {[%emt 00:01:44]} Kc6 {[%clk 01:14:57]} {[%emt 00:04:37]} 17. f4
{[%clk 00:40:02]} {[%emt 00:00:18]} Bd6 {[%clk 01:14:49]} {[%emt 00:00:38]} 18.
g3 {[%clk 00:40:24]} {[%emt 00:00:08]} Rhe8 {[%clk 01:14:47]} {[%emt 00:00:31]}
19. Rhe1 {[%clk 00:40:36]} {[%emt 00:00:18]} Re7 {[%clk 01:14:53]} {[%emt
00:00:22]} 20. Re2 {[%clk 00:38:26]} {[%emt 00:02:42]} Rae8 {[%clk 01:14:29]}
{[%emt 00:00:54]} 21. Kc2 {[%clk 00:37:26]} {[%emt 00:01:29]} e5 {[%clk
01:12:00]} {[%emt 00:02:59]} 22. fxe5 {[%clk 00:37:37]} {[%emt 00:00:20]} Bxe5
{[%clk 01:12:22]} {[%emt 00:00:08]} 23. Rde1 {[%clk 00:37:09]} {[%emt
00:00:57]} Bd6 {[%clk 01:09:52]} {[%emt 00:03:00]} 24. Rxe7 {[%clk 00:37:17]}
{[%emt 00:00:23]} Rxe7 {[%clk 01:10:16]} {[%emt 00:00:06]} 25. Rxe7 {[%clk
00:37:36]} {[%emt 00:00:11]} Bxe7 {[%clk 01:10:42]} {[%emt 00:00:04]} 26. g4
{[%clk 00:37:12]} {[%emt 00:00:54]} Kd5 {[%clk 01:07:24]} {[%emt 00:03:47]} 27.
Kd3 {[%clk 00:37:30]} {[%emt 00:00:13]} g6 {[%clk 01:07:04]} {[%emt 00:00:51]}
28. c4+ {[%clk 00:31:11]} {[%emt 00:06:49]} Ke6 {[%clk 01:05:32]} {[%emt
00:02:02]} 29. Ke4 {[%clk 00:29:27]} {[%emt 00:02:14]} f5+ {[%clk 01:03:46]}
{[%emt 00:02:17]} 30. gxf5+ {[%clk 00:29:22]} {[%emt 00:00:35]} gxf5+ {[%clk
01:04:10]} {[%emt 00:00:05]} 31. Kf3 {[%clk 00:29:40]} {[%emt 00:00:11]} Bf8
{[%clk 00:59:57]} {[%emt 00:04:44]} 32. h3 {[%clk 00:29:19]} {[%emt 00:00:52]}
Bd6 {[%clk 00:59:37]} {[%emt 00:00:48]} 33. b3 {[%clk 00:28:51]} {[%emt
00:00:58]} Bf8 {[%clk 00:59:50]} {[%emt 00:00:17]} 34. Kf4 {[%clk 00:28:33]}
{[%emt 00:00:48]} Bh6+ {[%clk 01:00:14]} {[%emt 00:00:07]} 35. Kf3 {[%clk
00:28:58]} {[%emt 00:00:05]} Bf8 {[%clk 01:00:40]} {[%emt 00:00:04]} 36. Kf4
{[%clk 00:29:21]} {[%emt 00:00:07]} Bh6+ {[%clk 01:01:05]} {[%emt 00:00:05]}
1/2-1/2

[Event "Icelandic Team Championship 2021"]
[Site "Reykjavik"]
[Date "2021.10.01"]
[Round "2.3"]
[White "Karlsson, Bjorn-Ivar"]
[Black "Jensson, Einar Hjalti"]
[Result "0-1"]
[WhiteElo "2313"]
[BlackElo "2316"]

1. Nf3 {[%clk 01:30:49]} {[%emt 00:00:10]} d5 {[%clk 01:28:07]} {[%emt
00:02:54]} 2. g3 {[%clk 01:28:39]} {[%emt 00:02:40]} Bg4 {[%clk 01:24:50]}
{[%emt 00:03:47]} 3. Bg2 {[%clk 01:28:55]} {[%emt 00:00:13]} c6 {[%clk
01:25:13]} {[%emt 00:00:08]} 4. O-O {[%clk 01:27:52]} {[%emt 00:01:32]} Nd7
{[%clk 01:25:39]} {[%emt 00:00:05]} 5. h3 {[%clk 01:27:33]} {[%emt 00:00:48]}
Bxf3 {[%clk 01:26:05]} {[%emt 00:00:04]} 6. Bxf3 {[%clk 01:27:55]} {[%emt
00:00:08]} e5 {[%clk 01:26:05]} {[%emt 00:00:30]} 7. d3 {[%clk 01:27:28]}
{[%emt 00:00:57]} Ngf6 {[%clk 01:26:04]} {[%emt 00:00:31]} 8. Nd2 {[%clk
01:27:15]} {[%emt 00:00:43]} Bc5 {[%clk 01:23:56]} {[%emt 00:02:39]} 9. e4
{[%clk 01:23:34]} {[%emt 00:04:10]} O-O {[%clk 01:21:47]} {[%emt 00:02:40]} 10.
Bg2 {[%clk 01:19:26]} {[%emt 00:04:37]} dxe4 {[%clk 01:20:25]} {[%emt
00:01:52]} 11. dxe4 {[%clk 01:18:31]} {[%emt 00:01:24]} a5 {[%clk 01:17:16]}
{[%emt 00:03:41]} 12. a4 {[%clk 01:10:47]} {[%emt 00:08:14]} Qc7 {[%clk
01:12:26]} {[%emt 00:05:20]} 13. Qe2 {[%clk 01:05:25]} {[%emt 00:05:51]} Rfe8
{[%clk 01:07:29]} {[%emt 00:05:28]} 14. Nc4 {[%clk 00:52:37]} {[%emt 00:13:17]}
Nf8 {[%clk 01:06:31]} {[%emt 00:01:29]} 15. c3 {[%clk 00:43:42]} {[%emt
00:09:25]} Ne6 {[%clk 01:03:54]} {[%emt 00:03:07]} 16. Kh1 {[%clk 00:37:41]}
{[%emt 00:06:30]} Ba7 {[%clk 00:55:01]} {[%emt 00:09:23]} 17. Rd1 {[%clk
00:33:05]} {[%emt 00:05:05]} Rad8 {[%clk 00:53:41]} {[%emt 00:01:51]} 18. Be3
{[%clk 00:33:13]} {[%emt 00:00:20]} Bxe3 {[%clk 00:50:52]} {[%emt 00:03:22]} 19.
Qxe3 {[%clk 00:33:19]} {[%emt 00:00:22]} Rxd1+ {[%clk 00:46:04]} {[%emt
00:05:19]} 20. Rxd1 {[%clk 00:33:35]} {[%emt 00:00:14]} b5 {[%clk 00:45:53]}
{[%emt 00:00:42]} 21. axb5 {[%clk 00:28:00]} {[%emt 00:06:04]} cxb5 {[%clk
00:46:21]} {[%emt 00:00:02]} 22. Na3 {[%clk 00:27:26]} {[%emt 00:01:03]} b4
{[%clk 00:43:55]} {[%emt 00:02:57]} 23. Nb5 {[%clk 00:16:45]} {[%emt 00:11:11]}
Qc5 {[%clk 00:31:28]} {[%emt 00:12:58]} 24. Qxc5 {[%clk 00:16:32]} {[%emt
00:00:42]} Nxc5 {[%clk 00:31:57]} {[%emt 00:00:01]} 25. f3 {[%clk 00:16:38]}
{[%emt 00:00:23]} Kf8 {[%clk 00:29:09]} {[%emt 00:03:19]} 26. Bf1 {[%clk
00:15:53]} {[%emt 00:01:13]} Rb8 {[%clk 00:22:40]} {[%emt 00:07:00]} 27. cxb4
{[%clk 00:13:29]} {[%emt 00:02:54]} axb4 {[%clk 00:23:09]} {[%emt 00:00:01]} 28.
Bc4 {[%clk 00:13:27]} {[%emt 00:00:31]} Nfd7 {[%clk 00:20:55]} {[%emt
00:02:45]} 29. Rd5 {[%clk 00:07:17]} {[%emt 00:06:39]} Ra8 {[%clk 00:18:11]}
{[%emt 00:03:14]} 30. Kg2 {[%clk 00:05:40]} {[%emt 00:02:07]} Ra1 {[%clk
00:18:19]} {[%emt 00:00:23]} 31. Nc7 {[%clk 00:04:01]} {[%emt 00:02:09]} Rb1
{[%clk 00:17:14]} {[%emt 00:01:36]} 32. Rd2 {[%clk 00:02:00]} {[%emt 00:02:30]}
Nb6 {[%clk 00:16:44]} {[%emt 00:01:01]} 33. Bd5 {[%clk 00:01:29]} {[%emt
00:01:00]} b3 {[%clk 00:15:16]} {[%emt 00:01:58]} 34. Kf2 {[%clk 00:00:40]}
{[%emt 00:01:18]} Nba4 {[%clk 00:14:05]} {[%emt 00:01:42]} 35. Nb5 {[%clk
00:00:50]} {[%emt 00:00:20]} Nxb2 {[%clk 00:13:18]} {[%emt 00:01:17]} 36. Na3
{[%clk 00:00:33]} {[%emt 00:00:46]} Ra1 {[%clk 00:11:38]} {[%emt 00:02:11]} 37.
Rxb2 {[%clk 00:00:45]} {[%emt 00:00:18]} Nd3+ {[%clk 00:11:54]} {[%emt
00:00:14]} 0-1

[Event "Icelandic Team Championship 2021"]
[Site "Reykjavik"]
[Date "2021.10.01"]
[Round "2.4"]
[White "Bergsson, Snorri"]
[Black "Thorhallsson, Simon"]
[Result "0-1"]
[WhiteElo "2246"]
[BlackElo "2237"]

1. Nf3 {[%clk 01:30:57]} {[%emt 00:00:02]} Nf6 {[%clk 01:30:54]} {[%emt
00:00:06]} 2. c4 {[%clk 01:31:20]} {[%emt 00:00:07]} b6 {[%clk 01:31:16]}
{[%emt 00:00:07]} 3. g3 {[%clk 01:31:47]} {[%emt 00:00:05]} Bb7 {[%clk
01:31:42]} {[%emt 00:00:02]} 4. Bg2 {[%clk 01:32:13]} {[%emt 00:00:04]} e6
{[%clk 01:31:59]} {[%emt 00:00:12]} 5. O-O {[%clk 01:32:19]} {[%emt 00:00:25]}
Be7 {[%clk 01:32:13]} {[%emt 00:00:15]} 6. Nc3 {[%clk 01:32:46]} {[%emt
00:00:05]} O-O {[%clk 01:32:34]} {[%emt 00:00:10]} 7. Re1 {[%clk 01:32:04]}
{[%emt 00:01:12]} d5 {[%clk 01:32:46]} {[%emt 00:00:17]} 8. cxd5 {[%clk
01:31:48]} {[%emt 00:00:46]} exd5 {[%clk 01:30:57]} {[%emt 00:02:18]} 9. d4
{[%clk 01:29:46]} {[%emt 00:02:34]} Nbd7 {[%clk 01:27:44]} {[%emt 00:03:41]} 10.
Bf4 {[%clk 01:26:54]} {[%emt 00:03:22]} a6 {[%clk 01:26:49]} {[%emt 00:01:24]}
11. Rc1 {[%clk 01:24:37]} {[%emt 00:02:48]} Re8 {[%clk 01:19:04]} {[%emt
00:08:13]} 12. Ne5 {[%clk 01:19:04]} {[%emt 00:06:05]} Bd6 {[%clk 01:18:04]}
{[%emt 00:01:30]} 13. Nd3 {[%clk 01:18:53]} {[%emt 00:00:42]} Bxf4 {[%clk
01:12:05]} {[%emt 00:06:29]} 14. Nxf4 {[%clk 01:17:17]} {[%emt 00:02:06]} Nf8
{[%clk 01:09:00]} {[%emt 00:03:34]} 15. Qb3 {[%clk 01:06:53]} {[%emt 00:10:55]}
Ne6 {[%clk 01:07:30]} {[%emt 00:02:00]} 16. Nxe6 {[%clk 01:07:14]} {[%emt
00:00:09]} Rxe6 {[%clk 01:06:01]} {[%emt 00:01:57]} 17. e3 {[%clk 01:05:54]}
{[%emt 00:01:51]} Qd6 {[%clk 01:00:57]} {[%emt 00:05:33]} 18. a4 {[%clk
00:59:46]} {[%emt 00:06:39]} h5 {[%clk 00:55:07]} {[%emt 00:06:20]} 19. a5
{[%clk 00:53:06]} {[%emt 00:07:11]} h4 {[%clk 00:53:37]} {[%emt 00:02:00]} 20.
Bh3 {[%clk 00:50:55]} {[%emt 00:02:42]} hxg3 {[%clk 00:52:06]} {[%emt
00:01:59]} 21. hxg3 {[%clk 00:51:18]} {[%emt 00:00:08]} Re7 {[%clk 00:50:09]}
{[%emt 00:02:27]} 22. axb6 {[%clk 00:48:30]} {[%emt 00:03:19]} cxb6 {[%clk
00:46:49]} {[%emt 00:03:48]} 23. Na4 {[%clk 00:47:12]} {[%emt 00:01:49]} b5
{[%clk 00:46:36]} {[%emt 00:00:41]} 24. Nc5 {[%clk 00:47:03]} {[%emt 00:00:40]}
Bc8 {[%clk 00:44:18]} {[%emt 00:02:48]} 25. Bxc8 {[%clk 00:46:58]} {[%emt
00:00:36]} Rxc8 {[%clk 00:44:41]} {[%emt 00:00:06]} 26. Kg2 {[%clk 00:40:22]}
{[%emt 00:07:07]} Rc6 {[%clk 00:43:05]} {[%emt 00:02:05]} 27. Nd3 {[%clk
00:33:49]} {[%emt 00:07:04]} Rec7 {[%clk 00:38:42]} {[%emt 00:04:52]} 28. Rxc6
{[%clk 00:26:40]} {[%emt 00:07:40]} Rxc6 {[%clk 00:38:17]} {[%emt 00:00:54]} 29.
Ne5 {[%clk 00:26:58]} {[%emt 00:00:13]} Rc7 {[%clk 00:38:19]} {[%emt 00:00:27]}
30. Rh1 {[%clk 00:19:54]} {[%emt 00:07:35]} g6 {[%clk 00:33:26]} {[%emt
00:05:23]} 31. Ra1 {[%clk 00:15:19]} {[%emt 00:05:06]} Ne4 {[%clk 00:32:34]}
{[%emt 00:01:21]} 32. Nd3 {[%emt 00:06:12]} Rc4 {[%clk 00:28:48]} 33. Ne5
{[%clk 00:13:33]} {[%emt 00:00:50]} Rc7 {[%clk 00:22:46]} {[%emt 00:06:31]} 34.
Nd3 {[%clk 00:13:58]} {[%emt 00:00:06]} Rc4 {[%clk 00:22:00]} {[%emt 00:01:15]}
35. Ne5 {[%clk 00:14:24]} {[%emt 00:00:05]} Qb4 {[%clk 00:22:08]} {[%emt
00:00:22]} 36. Qxb4 {[%clk 00:11:34]} {[%emt 00:03:20]} Rxb4 {[%clk 00:22:33]}
{[%emt 00:00:05]} 37. Ra2 {[%clk 00:05:09]} {[%emt 00:06:56]} Kf8 {[%clk
00:18:25]} {[%emt 00:04:37]} 38. Nd3 {[%clk 00:04:16]} {[%emt 00:01:23]} Ra4
{[%clk 00:16:45]} {[%emt 00:02:10]} 39. Rxa4 {[%clk 00:03:46]} {[%emt
00:01:01]} bxa4 {[%clk 00:17:10]} {[%emt 00:00:05]} 40. Kf1 {[%clk 00:03:32]}
{[%emt 00:00:44]} Nd2+ {[%clk 00:16:58]} {[%emt 00:00:41]} 41. Ke2 {[%clk
00:04:00]} {[%emt 00:00:03]} Nc4 {[%clk 00:17:21]} {[%emt 00:00:06]} 42. Nb4
{[%clk 00:03:22]} {[%emt 00:01:08]} Nxb2 {[%clk 00:15:56]} {[%emt 00:01:55]} 43.
Nxd5 {[%clk 00:03:13]} {[%emt 00:00:40]} a3 {[%clk 00:14:23]} {[%emt 00:02:02]}
44. Nb4 {[%clk 00:02:21]} {[%emt 00:01:23]} a5 {[%clk 00:13:44]} {[%emt
00:01:08]} 45. Nc2 {[%clk 00:01:48]} {[%emt 00:01:04]} a2 {[%clk 00:13:50]}
{[%emt 00:00:24]} 46. Kd2 {[%clk 00:01:59]} {[%emt 00:00:20]} a4 {[%clk
00:13:07]} {[%emt 00:01:13]} 47. Na1 {[%clk 00:02:08]} {[%emt 00:00:20]} g5
{[%clk 00:12:24]} {[%emt 00:01:13]} 48. g4 {[%clk 00:01:29]} {[%emt 00:01:10]}
Ke7 {[%clk 00:11:08]} {[%emt 00:01:45]} 49. e4 {[%clk 00:01:36]} {[%emt
00:00:24]} Nc4+ {[%clk 00:10:45]} {[%emt 00:00:52]} 50. Kc3 {[%clk 00:01:14]}
{[%emt 00:00:53]} Nd6 {[%clk 00:10:24]} {[%emt 00:00:50]} 51. f3 {[%clk
00:01:28]} {[%emt 00:00:17]} Nb5+ {[%clk 00:08:55]} {[%emt 00:01:59]} 52. Kc4
{[%clk 00:01:29]} {[%emt 00:00:29]} Na3+ {[%clk 00:09:02]} {[%emt 00:00:22]} 53.
Kc3 {[%clk 00:01:38]} {[%emt 00:00:21]} Kd6 {[%clk 00:08:43]} {[%emt 00:00:49]}
54. Kd3 {[%clk 00:00:49]} {[%emt 00:01:19]} Kc6 {[%clk 00:08:30]} {[%emt
00:00:41]} 55. Kc3 {[%clk 00:01:04]} {[%emt 00:00:17]} Kb5 {[%clk 00:08:38]}
{[%emt 00:00:21]} 56. d5 {[%clk 00:00:40]} {[%emt 00:00:55]} Kc5 {[%clk
00:09:00]} {[%emt 00:00:08]} 57. Kd3 {[%clk 00:00:57]} {[%emt 00:00:13]} Nc4
{[%clk 00:08:11]} {[%emt 00:01:17]} 58. Nc2 {[%clk 00:01:04]} {[%emt 00:00:25]}
Ne5+ {[%clk 00:08:18]} {[%emt 00:00:43]} 0-1